Tratado de la doctrina de facto / (Registro nro. 46924)

Detalles MARC
000 -LEADER
campo de control de longitud fija 00473nam a2200157 i 4500
001 - NÚMERO DE CONTROL
campo de control 46924
003 - IDENTIFICADOR DE NÚMERO DE CONTROL
campo de control ES-MaACL
005 - FECHA Y HORA DE LA ÚLTIMA TRANSACCIÓN
campo de control 20230906161454.0
007 - CAMPO FIJO DE DESCRIPCIÓN FÍSICA--INFORMACIÓN GENERAL
campo de control de longitud fija t|
008 - DATOS DE LONGITUD FIJA--INFORMACIÓN GENERAL
campo de control de longitud fija 030402s1945 ag ||||1| spa d
100 1# - ENTRADA PRINCIPAL--NOMBRE DE PERSONA
Nombre de persona Constantineau, Albet.
9 (RLIN) 40249
245 10 - MENCIÓN DEL TÍTULO
Título Tratado de la doctrina de facto /
Mención de responsabilidad, etc. Albet Constantineau.
260 ## - PUBLICACIÓN, DISTRIBUCIÓN, ETC.
Lugar de publicación, distribución, etc. Buenos Aires :
Nombre del editor, distribuidor, etc. Depalma,
Fecha de publicación, distribución, etc. 1945 (
Fabricante Alamos)
300 ## - DESCRIPCIÓN FÍSICA
Extensión 2 v., 1 lám. :
Otras características físicas 1 retr. aut. ;
Dimensiones 24 cm.
852 ## - LOCALIZACIÓN
Ubicación ES-MaACL
Número de control de estantería F-5675-76
Sublocalización o colección R.22733
Existencias
Estatus retirado Estado de pérdida Estado de daño No para préstamo Biblioteca de origen Biblioteca actual Ubicación en estantería Fecha de adquisición Fuente de adquisición Total de préstamos Signatura topográfica completa Código de barras Visto por última vez Precio de reemplazo Tipo de ítem Koha
        Biblioteca del Ateneo de Madrid Biblioteca del Ateneo de Madrid Depósito 2 17/01/2008     F-5675-76 1049350 23/02/2023 23/02/2023 Libro impreso